[Event "USCL Week 7"]
[Site "Internet Chess Club"]
[Date "2014.10.08"]
[Round "?"]
[White "Collyer, Curt"]
[Black "Bozkurt, Ilker"]
[Result "0-1"]
[WhiteElo "2302"]
[BlackElo "2383"]
[PlyCount "64"]
[EventDate "2014.??.??"]

1. d4 d5 2. c4 e6 3. Nc3 Be7 4. cxd5 exd5 5. Bf4 c6 6. Qc2 Nf6 7. e3 O-O 8. Bd3
Nbd7 9. Nf3 Re8 10. O-O Nf8 11. h3 Ne6 12. Bh2 g6 13. Rab1 a5 14. Ne5 Ng7 15.
g4 c5 16. Bb5 Rf8 17. Rbd1 cxd4 18. exd4 Ne6 19. Kg2 Qb6 20. Qd3 Rd8 21. Na4
Qa7 22. f3 Bd7 23. Nxd7 Nxd7 24. f4 Nf6 25. f5 Ng5 26. Qe3 Nge4 27. Be5 Nd7 28.
fxg6 Nxe5 29. Qh6 fxg6 30. Rf5 gxf5 31. Qe6+ Nf7 32. Qxe7 Qb8 0-1

[Event "USCL Week 7"]
[Site "Internet Chess Club"]
[Date "2014.10.08"]
[Round "?"]
[White "Noble, Matthew"]
[Black "Zimmer, Ralph"]
[Result "1-0"]
[WhiteElo "2084"]
[BlackElo "2268"]
[PlyCount "93"]
[EventDate "2014.??.??"]

1. e4 c5 2. Nf3 e6 3. d4 cxd4 4. Nxd4 Nf6 5. Nc3 Nc6 6. Ndb5 d6 7. Bf4 e5 8.
Bg5 a6 9. Na3 b5 10. Nd5 Be7 11. Bxf6 Bxf6 12. c4 b4 13. Nc2 Rb8 14. Qd3 O-O
15. Be2 Bg5 16. O-O f5 17. Bf3 Kh8 18. b3 a5 19. Rfd1 g6 20. Nde3 f4 21. Nd5
Be6 22. Qe2 Ne7 23. Nxe7 Qxe7 24. Bg4 Bf7 25. Rd3 Qc7 26. Ne1 Be7 27. Qb2 h5
28. Bd1 Kg7 29. g3 Be6 30. Ng2 Kh7 31. gxf4 exf4 32. Qd2 Qb6 33. Nxf4 Bg8 34.
Qe3 Qxe3 35. fxe3 Rbe8 36. Bc2 Bf6 37. Rf1 Be5 38. Rdd1 Kh6 39. Nd5 g5 40. Nc7
Rc8 41. Nb5 Rfd8 42. Nd4 g4 43. Nf5+ Kg5 44. Ne7 Rc7 45. Rf5+ Kh6 46. Rxe5 Bh7
47. Nf5+ 1-0

[Event "USCL Week 7"]
[Site "Internet Chess Club"]
[Date "2014.10.08"]
[Round "?"]
[White "Pruess, David"]
[Black "Rohde, Michael"]
[Result "1/2-1/2"]
[WhiteElo "2407"]
[BlackElo "2548"]
[PlyCount "75"]
[EventDate "2014.??.??"]

1. e4 c5 2. Nf3 e6 3. d4 cxd4 4. Nxd4 Nc6 5. Nc3 Qc7 6. Be3 Nf6 7. f4 Bb4 8.
Ndb5 Qa5 9. e5 Ne4 10. Qd3 Nxc3 11. bxc3 Be7 12. Be2 O-O 13. O-O f6 14. exf6
Bxf6 15. Rab1 d5 16. c4 Rd8 17. c5 Qxa2 18. c3 Qa4 19. Rfd1 Bd7 20. Nd6 b6 21.
Bf3 Ne7 22. cxb6 axb6 23. Bxb6 Rf8 24. c4 dxc4 25. Qxc4 Rab8 26. Rb4 Qa3 27.
Ne4 Nd5 28. Nxf6+ Nxf6 29. Bc5 Rxb4 30. Qxb4 Qxb4 31. Bxb4 Rc8 32. Be7 Bc6 33.
Rc1 Bb7 34. Rxc8+ Bxc8 35. Kf2 Kf7 36. Bd6 Ba6 37. Ke3 Bc4 38. g3 1/2-1/2

[Event "USCL Week 7"]
[Site "Internet Chess Club"]
[Date "2014.10.08"]
[Round "?"]
[White "Ostrovskiy, Aleksandr"]
[Black "Harmon-Vellotti, Luke"]
[Result "1-0"]
[WhiteElo "2486"]
[BlackElo "2522"]
[PlyCount "87"]
[EventDate "2014.??.??"]

1. e4 c6 2. d4 d5 3. Nd2 dxe4 4. Nxe4 Bf5 5. Ng3 Bg6 6. h4 h6 7. Nf3 Nd7 8. h5
Bh7 9. Bd3 Bxd3 10. Qxd3 e6 11. Bd2 Ngf6 12. O-O-O Be7 13. Kb1 O-O 14. Ne4 Nxe4
15. Qxe4 Nf6 16. Qe2 Qd5 17. Be3 Rfd8 18. Ne5 Bd6 19. c4 Qe4+ 20. Ka1 Bxe5 21.
f3 Qh7 22. dxe5 Nd7 23. Bf2 Nb6 24. g4 Kh8 25. Rd6 Rxd6 26. exd6 Nd7 27. f4 Re8
28. Bd4 f6 29. Re1 a6 30. Bc3 e5 31. g5 Qf5 32. fxe5 fxe5 33. gxh6 gxh6 34. c5
Qe6 35. Qe4 Rf8 36. Qb4 Rb8 37. Bxe5+ Nxe5 38. Qd4 Rg8 39. Rxe5 Qf6 40. a3 Qg7
41. d7 Qf6 42. Qc3 Kh7 43. Qd3+ Kg7 44. Re8 1-0

[Event "USCL Week 7"]
[Site "Internet Chess Club"]
[Date "2014.10.08"]
[Round "?"]
[White "Mu, Joshua"]
[Black "Feng, Roland"]
[Result "1-0"]
[WhiteElo "2252"]
[BlackElo "2305"]
[PlyCount "97"]
[EventDate "2014.??.??"]

1. e4 e6 2. d4 d5 3. Nc3 Nf6 4. e5 Nfd7 5. Nf3 c5 6. Bg5 Qb6 7. dxc5 Nxc5 8.
Bb5+ Bd7 9. Qe2 a6 10. Bxd7+ Nbxd7 11. Rb1 h6 12. Bd2 Nb8 13. b4 Ncd7 14. b5
Qc7 15. O-O Nb6 16. bxa6 bxa6 17. Rb3 N8d7 18. Rfb1 Bc5 19. Nd1 Nc4 20. Ne3
Nxe3 21. Rb7 Qc6 22. Bxe3 O-O 23. Rxd7 Qxd7 24. Bxc5 Rfc8 25. Bd6 Qa4 26. Ne1
Rc4 27. a3 a5 28. Qf3 Rac8 29. Qb3 Qd7 30. Qb5 Qd8 31. Qb6 Qg5 32. Qxa5 Re4 33.
Qb5 Rcc4 34. Qe8+ Kh7 35. Qxf7 Qd2 36. Nf3 Qxc2 37. Rf1 Qe2 38. Bb4 Rg4 39. h3
Rg6 40. Be7 Rc7 41. Nh4 Rg5 42. Qxe6 Rxe5 43. Qg6+ Kh8 44. Rb1 Rc8 45. Bf6 gxf6
46. Qxf6+ Kg8 47. Rb7 Rc1+ 48. Kh2 Rg5 49. Qf7+ 1-0

[Event "USCL Week 7"]
[Site "Internet Chess Club"]
[Date "2014.10.08"]
[Round "?"]
[White "Korba, Nicky"]
[Black "Goldenberg, Ryan"]
[Result "1/2-1/2"]
[WhiteElo "2261"]
[BlackElo "2384"]
[PlyCount "100"]
[EventDate "2014.??.??"]

1. e4 e6 2. d4 d5 3. Nd2 Be7 4. c3 c5 5. dxc5 Nf6 6. exd5 exd5 7. Nb3 O-O 8.
Nf3 a5 9. a4 Na6 10. Be3 Bg4 11. Be2 Ne4 12. h3 Bh5 13. Nfd4 Bxe2 14. Nxe2 Qd7
15. Nf4 Rfd8 16. Nd3 Rdc8 17. Nf4 Rd8 18. Nd3 Rdc8 19. O-O Naxc5 20. Ndxc5 Nxc5
21. Bxc5 Bxc5 22. Qd3 b6 23. Rfd1 Rd8 24. Nd4 Re8 25. Nb5 Re5 26. Re1 Rae8 27.
Kf1 Qe7 28. Qd2 Qh4 29. b3 Kf8 30. Nc7 Rxe1+ 31. Rxe1 Rxe1+ 32. Qxe1 Qe4 33.
Qxe4 dxe4 34. Nd5 f5 35. g4 fxg4 36. hxg4 Kf7 37. b4 axb4 38. cxb4 Bd4 39. a5
bxa5 40. bxa5 Ke6 41. Nc7+ Ke5 42. Kg2 e3 43. fxe3 Bxe3 44. Kf3 Bc5 45. a6 g6
46. Nb5 h5 47. gxh5 gxh5 48. Kg3 Kd5 49. Kh4 Kc6 50. a7 Bxa7 1/2-1/2

[Event "USCL Week 7"]
[Site "Internet Chess Club"]
[Date "2014.10.08"]
[Round "?"]
[White "Korley, Kassa"]
[Black "Sang, Tian"]
[Result "1/2-1/2"]
[WhiteElo "2486"]
[BlackElo "2325"]
[PlyCount "102"]
[EventDate "2014.??.??"]

1. e4 e5 2. Nf3 Nc6 3. Bb5 a6 4. Bxc6 dxc6 5. O-O Qd6 6. Na3 Be6 7. Ng5 Bd7 8.
Nc4 Qg6 9. d3 f6 10. Nf3 O-O-O 11. Be3 Nh6 12. Nh4 Qg4 13. Bxh6 Qxh4 14. Be3
Be6 15. b3 g5 16. Qe1 Qh5 17. Qc3 Qf7 18. Na5 Bd6 19. a4 Qe7 20. Nc4 Bb4 21.
Qb2 Rd7 22. c3 Bd6 23. b4 c5 24. b5 Bxc4 25. dxc4 a5 26. Rad1 Qe6 27. Qe2 Rhd8
28. Rd5 c6 29. bxc6 bxc6 30. Rd2 Be7 31. Rb2 Rb7 32. Rxb7 Kxb7 33. h3 Kc7 34.
Rb1 Rb8 35. Rxb8 Kxb8 36. Kf1 Kc7 37. Ke1 h5 38. Kd2 g4 39. hxg4 hxg4 40. Kc2
f5 41. exf5 Qxf5+ 42. Qd3 e4 43. Qd1 Bg5 44. Bxg5 Qxg5 45. Qh1 Qf5 46. Kb3 Qxf2
47. Qh7+ Kb6 48. Qd7 Qf1 49. Qd8+ Kb7 50. Qd7+ Kb6 51. Qd8+ Kb7 1/2-1/2

[Event "USCL Week 7"]
[Site "Internet Chess Club"]
[Date "2014.10.08"]
[Round "?"]
[White "Ginsburg, Mark"]
[Black "Kaufman, Larry"]
[Result "1-0"]
[WhiteElo "2397"]
[BlackElo "2391"]
[PlyCount "107"]
[EventDate "2014.??.??"]

1. Nf3 Nf6 2. c4 e6 3. g3 d5 4. Bg2 dxc4 5. Qa4+ c6 6. Qxc4 b5 7. Qc2 Bb7 8.
O-O Nbd7 9. b3 Be7 10. Bb2 c5 11. d3 O-O 12. Nbd2 Rc8 13. Rac1 Qb6 14. Qb1 Rfd8
15. Rfd1 h6 16. a3 Nd5 17. Qa1 Bf6 18. Ne4 Bxb2 19. Qxb2 N5f6 20. Nfd2 Nxe4 21.
Nxe4 Bd5 22. b4 c4 23. dxc4 Rxc4 24. Rxc4 bxc4 25. Qd4 Qc6 26. Bf3 Rc8 27. Nc3
Bxf3 28. Qxd7 Bh5 29. Qxc6 Rxc6 30. Rd7 a6 31. f4 Kf8 32. Kf2 Ke8 33. Ra7 Bg6
34. Ke3 Bc2 35. Kd4 Bb3 36. Ne4 c3 37. Nxc3 Rc4+ 38. Kd3 Rc6 39. Ne4 Bc2+ 40.
Kd4 Bxe4 41. Kxe4 Rd6 42. g4 Kf8 43. h4 f6 44. h5 Rc6 45. Kd4 Rd6+ 46. Kc5 Rd5+
47. Kc6 Rd4 48. e3 Rd3 49. Rxa6 Rxe3 50. b5 e5 51. fxe5 fxe5 52. b6 Rc3+ 53.
Kd5 Rb3 54. Kxe5 1-0

[Event "USCL Week 7"]
[Site "Internet Chess Club"]
[Date "2014.10.08"]
[Round "?"]
[White "Paragua, Mark"]
[Black "Bhat, Vinay"]
[Result "1/2-1/2"]
[WhiteElo "2588"]
[BlackElo "2555"]
[PlyCount "118"]
[EventDate "2014.??.??"]

1. d4 d5 2. c4 e6 3. Nf3 Nf6 4. Nc3 Be7 5. Bg5 h6 6. Bxf6 Bxf6 7. Qb3 c6 8. e3
O-O 9. h4 g6 10. O-O-O a5 11. h5 g5 12. Ne5 a4 13. Qc2 a3 14. b3 c5 15. cxd5
cxd4 16. exd4 exd5 17. Nxd5 Bg7 18. Nc3 Nd7 19. Bc4 Qf6 20. Nd5 Qd6 21. Rhe1
Kh8 22. Nc3 Nxe5 23. dxe5 Qc6 24. Rd6 Qxg2 25. Nd5 Qh3 26. Ne7 Bg4 27. e6 Rae8
28. Rd7 b5 29. Bf1 Qxh5 30. exf7 Bxd7 31. fxe8=Q Rxe8 32. Bd3 Qf3 33. Ng6+ Kg8
34. Rxe8+ Bxe8 35. Ne7+ Kf7 36. Bg6+ Kxe7 37. Qc5+ Kd8 38. Qb6+ Kc8 39. Qa6+
Kd8 40. Qb6+ Kc8 41. Qa6+ Qb7 42. Qxb7+ Kxb7 43. Bxe8 b4 44. Kd2 Kc7 45. Kd3
Kd6 46. Ke4 Ke6 47. Bh5 Bc3 48. f3 Kf6 49. Be8 Ke6 50. Bh5 Be1 51. Bg4+ Kf6 52.
Bh5 Bd2 53. Be8 Be1 54. Bh5 Bc3 55. Be8 Ke7 56. Bh5 Kf6 57. Be8 Ke7 58. Bh5 Kf6
59. Be8 Ke7 1/2-1/2

[Event "USCL Week 7"]
[Site "Internet Chess Club"]
[Date "2014.10.08"]
[Round "?"]
[White "Pressman, Leif"]
[Black "Lee, Andy"]
[Result "1/2-1/2"]
[WhiteElo "2432"]
[BlackElo "2361"]
[PlyCount "125"]
[EventDate "2014.??.??"]

1. e4 e5 2. f4 Bc5 3. Nf3 d6 4. Nc3 Nc6 5. Bb5 Nf6 6. d3 O-O 7. Na4 Nd4 8. Nxc5
dxc5 9. Nxd4 Qxd4 10. c3 Qd6 11. O-O a6 12. Bc4 b5 13. fxe5 Qxe5 14. Bf4 Qe8
15. Bb3 Qd7 16. Be5 Ng4 17. Bf4 Qe7 18. Bd5 Rb8 19. h3 Ne5 20. Bg3 Rb6 21. d4
cxd4 22. cxd4 Nc4 23. Bxc4 bxc4 24. Qc2 Rg6 25. Kh2 c5 26. d5 f5 27. d6 Qxe4
28. Qxe4 fxe4 29. Rxf8+ Kxf8 30. Rd1 Bd7 31. Rd5 e3 32. Rxc5 e2 33. Re5 Re6 34.
Rxe6 Bxe6 35. a3 Ke8 36. Kg1 Kd7 37. Kf2 Bd5 38. Kxe2 Bxg2 39. h4 a5 40. Ke3 a4
41. Kd4 Bh3 42. Kc5 Bg4 43. Kxc4 Be6+ 44. Kd4 Bb3 45. Ke5 Bd1 46. Be1 Bc2 47.
Bd2 Bd1 48. Bg5 Bb3 49. Be7 Bd1 50. Bf8 g6 51. Kf6 Bc2 52. Ke5 Bb3 53. Kd4 Kc6
54. Be7 Bd1 55. Ke5 Kd7 56. Kd5 Bb3+ 57. Kc5 Bd1 58. Bf6 Bb3 59. Bh8 Bd1 60.
Bf6 Bb3 61. Bh8 Bd1 62. Bc3 Bb3 63. Bh8 1/2-1/2

[Event "USCL Week 7"]
[Site "Internet Chess Club"]
[Date "2014.10.08"]
[Round "?"]
[White "Matikozyan, Andranik"]
[Black "Shen, Victor"]
[Result "1-0"]
[WhiteElo "2538"]
[BlackElo "2510"]
[PlyCount "107"]
[EventDate "2014.??.??"]

1. e4 e5 2. Nf3 Nc6 3. Bb5 Nf6 4. d3 d6 5. c3 Bd7 6. O-O g6 7. Re1 Bg7 8. Nbd2
O-O 9. Nf1 h6 10. d4 exd4 11. cxd4 Bg4 12. d5 Bxf3 13. Qxf3 Ne5 14. Qe2 c6 15.
dxc6 bxc6 16. Ba4 Qa5 17. Bc2 c5 18. Bd2 Qb6 19. Bc3 Nc6 20. Rad1 Nd7 21. Ba4
Ndb8 22. Bxc6 Nxc6 23. Rxd6 Nd4 24. Qa6 Qc7 25. Rd5 Rfc8 26. Ne3 Qf4 27. Qd3
Re8 28. Nc4 Rad8 29. Rxd8 Rxd8 30. Qg3 Qf6 31. Ne3 Qa6 32. Qc7 Rc8 33. Qd7 Rf8
34. Kh1 Qxa2 35. Nd5 Qa6 36. h3 Kh7 37. Qe7 Ne6 38. Nf6+ Bxf6 39. Qxf6 Qd3 40.
Qe7 a6 41. Qb7 Qb5 42. Qa7 Qc6 43. Qe7 Qe8 44. Qb7 Qb5 45. Qd5 Qb6 46. Ra1 Kg8
47. Qe5 Kh7 48. Rd1 Qc7 49. Rd6 Qb7 50. Qd5 Qxd5 51. exd5 Rd8 52. Rxd8 Nxd8 53.
d6 Nc6 54. d7 1-0

[Event "USCL Week 8"]
[Site "Internet Chess Club"]
[Date "2014.10.14"]
[Round "?"]
[White "Checa, Nicolas"]
[Black "Burke, John Michael"]
[Result "1/2-1/2"]
[WhiteElo "2396"]
[BlackElo "2295"]
[PlyCount "54"]
[EventDate "2014.??.??"]

1. d4 Nf6 2. c4 g6 3. Nc3 d5 4. Nf3 Bg7 5. Qb3 dxc4 6. Qxc4 O-O 7. e4 Nc6 8.
Be2 e5 9. d5 Nd4 10. Nxd4 exd4 11. Qxd4 c6 12. Qc4 cxd5 13. exd5 Bf5 14. O-O
Rc8 15. Qb3 Ne4 16. Nxe4 Bxe4 17. Qxb7 Rc2 18. Bd1 Rxc1 19. Rxc1 Qg5 20. f3
Qxc1 21. fxe4 Qe3+ 22. Kh1 Qd3 23. Re1 Qd2 24. Rf1 Qd3 25. Re1 Qd2 26. Rf1 Qd3
27. Re1 Qd2 1/2-1/2

[Event "USCL Week 8"]
[Site "Internet Chess Club"]
[Date "2014.10.14"]
[Round "?"]
[White "Benjamin, Joel"]
[Black "Herman, Matt"]
[Result "1-0"]
[WhiteElo "2634"]
[BlackElo "2439"]
[PlyCount "61"]
[EventDate "2014.??.??"]

1. e4 c5 2. Nf3 Nc6 3. Bb5 g6 4. O-O Bg7 5. c3 Nf6 6. e5 Nd5 7. d4 cxd4 8. cxd4
O-O 9. Nc3 Nxc3 10. bxc3 d6 11. exd6 Qxd6 12. a4 Qc7 13. Re1 e6 14. Ng5 h6 15.
Ne4 a6 16. Bf1 b6 17. Rb1 f5 18. Nd2 Na5 19. Ba3 Qxc3 20. Bxf8 Kxf8 21. Nf3 Qc7
22. Ne5 Bxe5 23. dxe5 Nb7 24. Qc1 Qxc1 25. Rexc1 Nc5 26. a5 Nd7 27. axb6 Rb8
28. b7 Bxb7 29. Rc7 Bc6 30. Rxb8+ Nxb8 31. Rc8+ 1-0

[Event "USCL Week 8"]
[Site "Internet Chess Club"]
[Date "2014.10.14"]
[Round "?"]
[White "Vigorito, David"]
[Black "Zierk, Steven"]
[Result "0-1"]
[WhiteElo "2519"]
[BlackElo "2543"]
[PlyCount "54"]
[EventDate "2014.??.??"]

1. Nf3 c5 2. c4 Nc6 3. Nc3 g6 4. e3 Nf6 5. d4 cxd4 6. exd4 d5 7. cxd5 Nxd5 8.
Qb3 Nxc3 9. Bc4 e6 10. bxc3 Bg7 11. Ba3 Bf8 12. Bxf8 Kxf8 13. O-O Kg7 14. Bb5
Bd7 15. Qb2 Rc8 16. Rfe1 Re8 17. Rad1 Qc7 18. Re3 Ne7 19. Bxd7 Qxd7 20. Ne5 Qc7
21. c4 f6 22. Ng4 Qxc4 23. Rb3 b6 24. Qd2 Nf5 25. Ne3 Nxe3 26. fxe3 Qc2 27. e4
Qxe4 0-1

[Event "USCL Week 8"]
[Site "Internet Chess Club"]
[Date "2014.10.14"]
[Round "?"]
[White "Colas, Joshua"]
[Black "Bozkurt, Ilker"]
[Result "1/2-1/2"]
[WhiteElo "2400"]
[BlackElo "2383"]
[PlyCount "99"]
[EventDate "2014.??.??"]

1. d4 Nf6 2. c4 e6 3. Nc3 Bb4 4. f3 c5 5. d5 b5 6. e4 bxc4 7. Bxc4 exd5 8. exd5
O-O 9. Nge2 Bxc3+ 10. bxc3 d6 11. O-O Nbd7 12. Bg5 h6 13. Bh4 Nb6 14. Bb3 Ba6
15. Re1 g5 16. Bf2 Qd7 17. a4 Rfe8 18. a5 Nc4 19. Qd3 Nxa5 20. c4 Nxb3 21. Rxa6
Rab8 22. Rb1 Nd4 23. Nxd4 cxd4 24. Bxd4 Nh5 25. Rxa7 Nf4 26. Rxd7 Nxd3 27. Rxb8
Rxb8 28. h4 Rc8 29. h5 Nf4 30. Kh2 Nxh5 31. Rxd6 Rxc4 32. Be5 f6 33. Bxf6 Rh4+
34. Kg1 Nxf6 35. Rxf6 Kg7 36. Ra6 Rd4 37. Rd6 g4 38. Kf2 gxf3 39. Kxf3 h5 40.
Rd7+ Kf6 41. Rd8 Ke7 42. Rh8 Rxd5 43. Kg3 Kf7 44. Kh4 Kg6 45. Rg8+ Kh6 46. Rb8
Rd4+ 47. Kh3 Rg4 48. g3 Ra4 49. Rb6+ Kg5 50. Rb5+ 1/2-1/2

[Event "USCL Week 8"]
[Site "Internet Chess Club"]
[Date "2014.10.14"]
[Round "?"]
[White "Gershenov, Ben"]
[Black "Bryant, Todd"]
[Result "1-0"]
[WhiteElo "2210"]
[BlackElo "2201"]
[PlyCount "71"]
[EventDate "2014.??.??"]

1. d4 Nf6 2. c4 g6 3. Nc3 Bg7 4. e4 d6 5. Nf3 O-O 6. Be2 e5 7. O-O Nc6 8. d5
Ne7 9. Ne1 Nd7 10. Be3 f5 11. f3 f4 12. Bf2 g5 13. Nd3 Ng6 14. c5 Nf6 15. Rc1
Rf7 16. Kh1 h5 17. Qb3 g4 18. cxd6 cxd6 19. Nb5 g3 20. Bxa7 Nh4 21. Qa3 Bf8 22.
Bb6 Qxb6 23. Qxa8 Bh3 24. Ne1 Qe3 25. Rc2 Nxe4 26. fxe4 Qxe4 27. Bd3 Bxg2+ 28.
Rxg2 Qxd5 29. Nc3 Qc6 30. Bb5 Qc5 31. Rgg1 Rg7 32. hxg3 Nf5 33. gxf4 Ng3+ 34.
Rxg3 Rxg3 35. fxe5 dxe5 36. Ne4 1-0

[Event "USCL Week 8"]
[Site "Internet Chess Club"]
[Date "2014.10.14"]
[Round "?"]
[White "Chumachenko, Andrey"]
[Black "Pressman, Leif"]
[Result "1-0"]
[WhiteElo "2435"]
[BlackElo "2432"]
[PlyCount "83"]
[EventDate "2014.??.??"]

1. d4 d5 2. Nf3 Nf6 3. c4 c6 4. Nc3 dxc4 5. a4 Bf5 6. Nh4 e6 7. Nxf5 exf5 8. e3
Bb4 9. Bxc4 O-O 10. O-O Nbd7 11. Qf3 g6 12. h3 Nb6 13. Bb3 Re8 14. Bd2 a5 15.
Rfd1 Kg7 16. g4 fxg4 17. hxg4 Qe7 18. g5 Nfd5 19. Qg4 f6 20. gxf6+ Nxf6 21. Qg2
Rad8 22. Re1 c5 23. Rad1 cxd4 24. exd4 Qd7 25. Bg5 Rxe1+ 26. Rxe1 Re8 27. Bxf6+
Kxf6 28. Rxe8 Qxe8 29. Qxb7 Nd7 30. Nd5+ Kg5 31. Nxb4 Qe1+ 32. Kg2 Qxb4 33.
Qxb4 axb4 34. a5 Nb8 35. Bd5 Na6 36. Bc4 Nb8 37. Bb5 Kf4 38. f3 g5 39. a6 Nxa6
40. Bxa6 g4 41. fxg4 Ke4 42. Bd3+ 1-0

[Event "USCL Week 8"]
[Site "Internet Chess Club"]
[Date "2014.10.14"]
[Round "?"]
[White "Huschenbeth, Niclas"]
[Black "Becerra, Julio"]
[Result "1/2-1/2"]
[WhiteElo "2603"]
[BlackElo "2626"]
[PlyCount "87"]
[EventDate "2014.??.??"]

1. e4 e5 2. Nf3 Nc6 3. Bc4 Nf6 4. d4 exd4 5. e5 d5 6. Bb5 Ne4 7. Nxd4 Bc5 8.
Be3 O-O 9. Nxc6 bxc6 10. Bxc5 Nxc5 11. Bxc6 Rb8 12. Qxd5 Qe7 13. O-O Rxb2 14.
Nc3 Ba6 15. Rfd1 Rxc2 16. Qd4 Ne6 17. Qxa7 Qa3 18. Nb5 Qa4 19. Bd7 Nf4 20. Nd4
Qxd7 21. Nxc2 Qg4 22. Ne1 Nh3+ 23. Kh1 Qe2 24. Nd3 Bxd3 25. Re1 Qxf2 26. Qe3
Qxe3 27. Rxe3 Nf4 28. g3 Nh3 29. Kg2 Bf5 30. a4 Ng5 31. h4 Ne6 32. a5 Ra8 33.
a6 Ra7 34. Rb3 Be4+ 35. Kf2 h5 36. Ke3 Bd5 37. Rb4 Kh7 38. Ra5 Bg2 39. Kf2 Bc6
40. Ke3 Bg2 41. Kf2 Bc6 42. Ke3 Kg6 43. Rb2 Kh7 44. Rb4 1/2-1/2

[Event "USCL Week 8"]
[Site "Internet Chess Club"]
[Date "2014.10.14"]
[Round "?"]
[White "Costigan, Richard"]
[Black "Goldenberg, Ryan"]
[Result "1-0"]
[WhiteElo "2288"]
[BlackElo "2384"]
[PlyCount "109"]
[EventDate "2014.??.??"]

1. e4 c5 2. b3 Nf6 3. Nc3 Nc6 4. f4 g6 5. e5 Nh5 6. Nh3 d6 7. Bb5 Bxh3 8. gxh3
Bg7 9. Bxc6+ bxc6 10. Qf3 O-O 11. Bb2 dxe5 12. fxe5 Bxe5 13. Qxc6 Rc8 14. Qf3
Bd4 15. O-O-O e5 16. Rhe1 f5 17. Qf1 c4 18. Nb5 Bxb2+ 19. Kxb2 a6 20. Na3 cxb3
21. axb3 Qf6 22. Nc4 e4+ 23. c3 Rfe8 24. d3 e3 25. d4 f4 26. Qf3 Rcd8 27. d5
Qh4 28. Re2 Nf6 29. d6 Qh5 30. Qf1 Qf5 31. Rd4 Re4 32. Rxe4 Qxe4 33. Qa1 Qd3
34. Re1 Ne4 35. Qa5 Rb8 36. d7 Qxd7 37. Qe5 Re8 38. Qxf4 Nd2 39. Rxe3 Rf8 40.
Qd4 Nxc4+ 41. Qxc4+ Kg7 42. Qd4+ Qxd4 43. cxd4 Rd8 44. Kc3 Rc8+ 45. Kd3 Kf6 46.
d5 Rc1 47. Kd4 g5 48. d6 Rd1+ 49. Kc5 h5 50. Kc6 Rc1+ 51. Kb7 Rd1 52. Kc7 Rc1+
53. Kd8 Rd1 54. d7 Rd2 55. Ke8 1-0

[Event "USCL Week 8"]
[Site "Internet Chess Club"]
[Date "2014.10.14"]
[Round "?"]
[White "Jacobson, Aaron"]
[Black "Kumar, Aravind"]
[Result "1-0"]
[WhiteElo "2139"]
[BlackElo "2201"]
[PlyCount "99"]
[EventDate "2014.??.??"]

1. e4 e6 2. d4 d5 3. Nd2 Be7 4. Ngf3 Nf6 5. e5 Nfd7 6. Bd3 c5 7. c3 Nc6 8. O-O
g5 9. dxc5 g4 10. Nd4 Ndxe5 11. Bb5 Bd7 12. N2b3 Rg8 13. Re1 Nxd4 14. Nxd4 Nc6
15. Bxc6 bxc6 16. b4 Rg6 17. Bf4 Kf8 18. Qe2 Kg8 19. a4 a6 20. Ra2 Bf8 21. f3
h5 22. Qe5 gxf3 23. Nxf3 Qf6 24. Qe3 Be8 25. Ne5 Rg7 26. Rf2 Rh7 27. Bg5 Qh8
28. Bf6 Bg7 29. Qg5 Kf8 30. Be7+ Kg8 31. c4 Rh6 32. cxd5 cxd5 33. c6 Qh7 34. b5
axb5 35. axb5 Rc8 36. Bf6 Kh8 37. Rc1 Rxf6 38. Rxf6 Qe4 39. Nxf7+ Kh7 40. Qxh5+
Kg8 41. Nh6+ Kh7 42. Nf7+ Kg8 43. Rff1 Qe3+ 44. Kh1 Qa7 45. Nh6+ Kh7 46. Rf7
Bxf7 47. Nxf7+ Kg8 48. Ng5 Bb2 49. Qg6+ Qg7 50. Qxe6+ 1-0

[Event "USCL Week 8"]
[Site "Internet Chess Club"]
[Date "2014.10.14"]
[Round "?"]
[White "Yanovsky, Vlad"]
[Black "Zimmer, Ralph"]
[Result "1-0"]
[WhiteElo "2165"]
[BlackElo "2268"]
[PlyCount "109"]
[EventDate "2014.??.??"]

1. e4 c5 2. Nf3 e6 3. d4 cxd4 4. Nxd4 Nf6 5. Nc3 Nc6 6. Ndb5 Bb4 7. a3 Bxc3+ 8.
Nxc3 d5 9. exd5 exd5 10. Bd3 O-O 11. O-O d4 12. Ne2 Bg4 13. f3 Bh5 14. Bg5 Re8
15. Nf4 Bg6 16. Nxg6 hxg6 17. Re1 Qb6 18. Qd2 Ne5 19. b3 Nd5 20. Be4 Nc3 21.
Bh4 Nxe4 22. Rxe4 Nc6 23. Rae1 Rxe4 24. Rxe4 Qc5 25. b4 Qc4 26. Qd3 Qxd3 27.
cxd3 a6 28. Kf1 f6 29. Ke2 Kf7 30. Kd2 g5 31. Bg3 Rd8 32. Bc7 Rd5 33. Bb6 Rb5
34. Bc5 b6 35. a4 Nxb4 36. Re7+ Kf8 37. axb5 bxc5 38. Rc7 axb5 39. Rxc5 Na6 40.
Rxb5 Nc7 41. Rb7 Ne6 42. g3 Kg8 43. Kc2 Kf8 44. Ra7 f5 45. Kb3 g4 46. fxg4 fxg4
47. Kc4 Ng5 48. Kxd4 Nf3+ 49. Kd5 Nxh2 50. Ke6 Kg8 51. d4 Nf1 52. d5 Nxg3 53.
d6 Ne4 54. d7 Nc5+ 55. Kf5 1-0

[Event "USCL Week 8"]
[Site "Internet Chess Club"]
[Date "2014.10.14"]
[Round "?"]
[White "Barbosa, Oliver"]
[Black "Korley, Kassa"]
[Result "1-0"]
[WhiteElo "2579"]
[BlackElo "2486"]
[PlyCount "91"]
[EventDate "2014.??.??"]

1. Nf3 Nf6 2. c4 e6 3. g3 d5 4. d4 Be7 5. Bg2 O-O 6. O-O dxc4 7. Qa4 Nc6 8.
Qxc4 Qd5 9. b3 Qxc4 10. bxc4 Na5 11. Nbd2 b6 12. Ne5 Bb7 13. Bxb7 Nxb7 14. Nc6
Rfe8 15. a4 Nd8 16. Nxe7+ Rxe7 17. a5 Nc6 18. Nb3 Rd7 19. e3 Rc8 20. Bb2 h6 21.
Rfc1 Ne7 22. c5 Rb8 23. Bc3 Ned5 24. Be1 g5 25. h3 h5 26. Nd2 g4 27. hxg4 hxg4
28. Nc4 Rdd8 29. Ne5 Re8 30. Ra2 Kg7 31. Re2 b5 32. a6 Rh8 33. e4 Ne7 34. Ba5
Rh5 35. Kg2 Rbh8 36. Rg1 Rh2+ 37. Kf1 Rd8 38. d5 exd5 39. Bxc7 Rc8 40. Bd6 Nc6
41. exd5 Nd4 42. Rb2 Nf5 43. Nc6 Nxd6 44. cxd6 Nxd5 45. d7 Rxc6 46. d8=Q 1-0

[Event "USCL Week 8"]
[Site "Internet Chess Club"]
[Date "2014.10.14"]
[Round "?"]
[White "Mo, Kevin"]
[Black "Shi, Jason"]
[Result "1/2-1/2"]
[WhiteElo "2334"]
[BlackElo "2220"]
[PlyCount "114"]
[EventDate "2014.??.??"]

1. c4 c6 2. Nf3 d5 3. e3 Nf6 4. d4 e6 5. Nbd2 Nbd7 6. Bd3 Bd6 7. O-O O-O 8. e4
dxe4 9. Nxe4 Nxe4 10. Bxe4 Nf6 11. Bc2 h6 12. b3 Qc7 13. Bb2 Rd8 14. Re1 Bb4
15. Re2 b6 16. Qd3 Ba6 17. Rd1 Be7 18. Ne5 c5 19. Ng4 Kf8 20. Nxf6 Bxf6 21. Qh7
Bb7 22. Be4 Bxd4 23. Rxd4 Rxd4 24. Bxd4 cxd4 25. Qh8+ Ke7 26. Qxg7 Qf4 27. f3
Bxe4 28. Rxe4 Qc1+ 29. Kf2 d3 30. f4 Qc2+ 31. Kg3 d2 32. Rxe6+ Kxe6 33. Qe5+
Kd7 34. Qd5+ Kc7 35. Qe5+ Kc8 36. Qe8+ Kc7 37. Qxf7+ Kd8 38. Qd5+ Ke7 39. Qb7+
Kf6 40. Qc6+ Kg7 41. Qb7+ Kg6 42. Qc6+ Kf5 43. Qd5+ Kf6 44. Qc6+ Ke7 45. Qb7+
Kd6 46. Qd5+ Kc7 47. Qf7+ Kb8 48. Qe8+ Kc7 49. Qf7+ Kc8 50. Qe8+ Kc7 51. Qf7+
Kd8 52. Qd5+ Kc8 53. Qc6+ Kd8 54. Qd5+ Ke7 55. Qb7+ Kf6 56. Qc6+ Kg7 57. Qb7+
Kf6 1/2-1/2

[Event "USCL Week 8"]
[Site "Internet Chess Club"]
[Date "2014.10.14"]
[Round "?"]
[White "Winer, Steven"]
[Black "Williams, Chris"]
[Result "1-0"]
[WhiteElo "2419"]
[BlackElo "2310"]
[PlyCount "73"]
[EventDate "2014.??.??"]

1. d4 d5 2. c4 e6 3. Nc3 Nf6 4. cxd5 exd5 5. Bg5 Be7 6. e3 O-O 7. Bd3 c6 8. Qc2
Nbd7 9. Nf3 Re8 10. O-O Nf8 11. h3 Ne4 12. Bf4 Ng5 13. Bxg5 Bxg5 14. b4 Be7 15.
b5 Qd6 16. bxc6 bxc6 17. Na4 Qf6 18. Ne5 Bd6 19. f4 Rb8 20. Rae1 Qh4 21. Qxc6
Re6 22. Bf5 Bb7 23. Qc2 Re7 24. Nc5 g6 25. Bg4 Ba8 26. Ned3 Rbe8 27. Qf2 Qh6
28. Re2 Bc6 29. Rb1 g5 30. Ne5 Ba8 31. Bd7 Nxd7 32. Ncxd7 Qe6 33. f5 Qxd7 34.
Nxd7 Rxd7 35. f6 Re6 36. Qf5 h6 37. h4 1-0